| 000 | 01134nam0a22003011 4500 | ||
|---|---|---|---|
| 001 | rc\3051139 | ||
| 005 | 20250805160813.4 | ||
| 035 | _a(NLR Aleph) 007190589 | ||
| 090 |
_a7533958 _c7533958 |
||
| 100 | _a20111010d1941 |||y0rusy50 ca | ||
| 101 | 0 | _arus | |
| 102 | _aRU | ||
| 105 | _aa z ||||| | ||
| 200 | 1 |
_aКак возделывать кок-сагыз в Ленинградской области _fК.М. Мынбаев, Н.Ф. Никитенко, В.А. Королева-Павлова _gПод ред. акад. И.Г. Эйхфельда |
|
| 210 |
_a[Ленинград] _cЛениздат _d1941 |
||
| 215 |
_a60 с. _cил. _d17 см |
||
| 700 | 1 |
_aМынбаев _bК. М. _f1906-1948 _gКарим Мынбаевич |
|
| 701 | 1 |
_aНикитенко _bН. Ф. |
|
| 701 | 1 |
_aКоролева-Павлова _bВ. А. |
|
| 702 | 1 |
_aЭйхфельд _bИ. Г. _4340 |
|
| 801 | 0 |
_aRU _bNLR _gpsbo |
|
| 801 | 1 |
_aRU _bELAR _2rusmarc |
|
| 852 |
_aNLR _bС _j50 Г-2/122 |
||
| 852 |
_aNLR _bС _j50 Г-2/37 |
||
| 942 | _cBOOK | ||
| 945 | _aРоссийская национальная библиотека | ||
| 980 | _aNB | ||
| 980 | _aBV | ||